00467nam a22001577a 450000500170000001000170001702000270003403500170006103700120007808200100009024500450010026000380014527000580018330000300024150000380027120130612163902.0 aB-505279-286 a9788192173832c1250.00 aB-505279-286 bRBC/Ven a595.7 aHandbook of Insects /cby Praveen Gulati aNew DelhibBIO-Green Bookscc2012 a4760-60/23, Ansari Road, DaryaganjbNew Delhie110002 axii,410p.bill.c22cm(Hb) aIt include index and bibliography